[Event "Timbo U2400 op"]
[Site "Timbo"]
[Date "2025.02.15"]
[Round "2"]
[White "Cunha, Paola de Oliveira"]
[Black "Bieging, Luca Jurgen"]
[Result "0-1"]
[WhiteElo "1623"]
[BlackElo "1938"]
[PlyCount "59"]
[EventDate "2025.02.14"]
[EventType "swiss"]
[EventRounds "6"]
[EventCountry "BRA"]
[SourceTitle "CB10_2025"]
[SourceDate "2025.03.05"]
[SourceVersion "1"]
[SourceVersionDate "2025.03.05"]
[SourceQuality "1"]

1. d4 Nf6 2. Bf4 g6 3. Nf3 Bg7 4. c4 d6 5. Nc3 0-0 6. h3 c5 7. e3 b6 8. Be2 Nbd7 9. 0-0 cxd4 10. exd4 Ba6 11. Bd3 Bb7 12. Re1 Re8 13. d5 Nc5 14. Bc2 Rc8 15. b4 Na6 16. Qe2 Nxb4 17. Ba4 Nd7 18. Rac1 Bxc3 19. Rxc3 Nxd5 20. cxd5 Rxc3 21. Bb3 Nc5 22. Qd2 Rd3 23. Qb2 Rxb3 24. axb3 Nd3 25. Qd2 Nxe1 26. Qxe1 Bxd5 27. Bh6 e5 28. Qc3 f6 29. Qd3 Bf7 30. h4 0-1

[Event "Timbo U2400 op"]
[Site "Timbo"]
[Date "2025.02.15"]
[Round "4"]
[White "Orlandi Neto, Aristides"]
[Black "Bieging, Luca Jurgen"]
[Result "0-1"]
[WhiteElo "1710"]
[BlackElo "1938"]
[PlyCount "84"]
[EventDate "2025.02.14"]
[EventType "swiss"]
[EventRounds "6"]
[EventCountry "BRA"]
[SourceTitle "CB10_2025"]
[SourceDate "2025.03.05"]
[SourceVersion "1"]
[SourceVersionDate "2025.03.05"]
[SourceQuality "1"]

1. e4 d5 2. exd5 Nf6 3. d4 Bg4 4. Be2 Bxe2 5. Qxe2 Qxd5 6. Nf3 Nc6 7. c3 0-0-0 8. Bf4 e6 9. Nbd2 Rg8 10. Qc4 Qf5 11. Bg3 g5 12. 0-0-0 h5 13. Rhe1 Nd5 14. Ne5 Nb6 15. Qd3 Qxd3 16. Nxd3 Bd6 17. Bxd6 cxd6 18. Kc2 Nd5 19. Nc4 b5 20. Ne3 Nf4 21. g3 Nxd3 22. Rxd3 d5 23. Ng2 Kd7 24. f4 g4 25. Ne3 f5 26. Nf1 Rc8 27. Kd2 a5 28. Rde3 Rge8 29. Rc1 b4 30. Kd3 a4 31. Ree1 h4 32. Nd2 Rh8 33. c4 hxg3 34. cxd5 exd5 35. hxg3 Rh2 36. Rc5 Kd6 37. Rec1 Rg2 38. Nf1 Rxb2 39. R1c2 Rxc2 40. Rxc2 b3 41. Rb2 Nb4+ 42. Kd2 bxa2 0-1

[Event "Florianopolis op 11th"]
[Site "Florianopolis"]
[Date "2025.01.25"]
[Round "9"]
[White "Jurado, Laura Alves"]
[Black "Bieging, Luca Jurgen"]
[Result "0-1"]
[WhiteElo "1730"]
[BlackElo "1944"]
[PlyCount "51"]
[EventDate "2025.01.18"]
[EventType "swiss"]
[EventRounds "10"]
[EventCountry "BRA"]
[SourceTitle "CB05_2025"]
[SourceDate "2025.01.29"]
[SourceVersion "1"]
[SourceVersionDate "2025.01.29"]
[SourceQuality "1"]

1. d4 c5 2. d5 Nf6 3. Nc3 d6 4. e4 g6 5. Bf4 Bg7 6. Qd2 0-0 7. f3 h5 8. 0-0-0 a6 9. h3 b5 10. g4 Qa5 11. Kb1 b4 12. Nce2 Nbd7 13. Nc1 Qb6 14. Nge2 c4 15. c3 Rb8 16. cxb4 Qxb4 17. Qxb4 Rxb4 18. Bd2 Rb7 19. Nd4 hxg4 20. hxg4 Nxe4 21. Be1 Nec5 22. Bxc4 Nb6 23. Bb3 Nxb3 24. Ndxb3 Nc4 25. Rh2 f5 26. Bh4 0-1

[Event "Florianopolis op 11th"]
[Site "Florianopolis"]
[Date "2025.01.24"]
[Round "8"]
[White "Bieging, Luca Jurgen"]
[Black "Bueno, Alfeu Varela Jr"]
[Result "0-1"]
[WhiteElo "1944"]
[BlackElo "2152"]
[PlyCount "64"]
[EventDate "2025.01.18"]
[EventType "swiss"]
[EventRounds "10"]
[EventCountry "BRA"]
[SourceTitle "CB05_2025"]
[SourceDate "2025.01.29"]
[SourceVersion "1"]
[SourceVersionDate "2025.01.29"]
[SourceQuality "1"]

1. d4 Nf6 2. Bf4 g6 3. Nc3 d5 4. e3 Bg7 5. h4 h5 6. Nf3 0-0 7. Ne5 c5 8. Qd2 Qa5 9. 0-0-0 c4 10. e4 e6 11. exd5 exd5 12. Be2 b5 13. f3 b4 14. Nb1 Na6 15. Nxc4 dxc4 16. Bxc4 Be6 17. Bxe6 fxe6 18. Bh6 Rac8 19. Bxg7 Kxg7 20. g4 Rc6 21. Qd3 hxg4 22. fxg4 b3 23. Qxb3 Rb8 24. Qf3 Nb4 25. Nc3 Rxc3 26. bxc3 Nxa2+ 27. Kd2 Nxc3 28. Ra1 Nb1+ 29. Ke2 Qxa1 30. Qc6 Qxd4 31. Qc7+ Nd7 32. Rd1 Nc3+ 0-1

[Event "Florianopolis op 11th"]
[Site "Florianopolis"]
[Date "2025.01.19"]
[Round "2"]
[White "Bieging, Luca Jurgen"]
[Black "Jessel, Stephen"]
[Result "0-1"]
[WhiteElo "1944"]
[BlackElo "2317"]
[PlyCount "150"]
[EventDate "2025.01.18"]
[EventType "swiss"]
[EventRounds "10"]
[EventCountry "BRA"]
[SourceTitle "CB05_2025"]
[SourceDate "2025.01.29"]
[SourceVersion "1"]
[SourceVersionDate "2025.01.29"]
[SourceQuality "1"]

1. d4 e6 2. Bf4 c5 3. e3 a6 4. c3 Nf6 5. h3 b6 6. Nf3 Bb7 7. Bd3 h6 8. Nbd2 d6 9. 0-0 Be7 10. a4 Nc6 11. Qe2 0-0 12. e4 cxd4 13. Nxd4 Ne5 14. Bxe5 dxe5 15. N4f3 Qc7 16. Nc4 Nd7 17. Rfd1 Rfc8 18. Bc2 Bc6 19. g3 Ra7 20. Ne3 g6 21. h4 Kg7 22. h5 gxh5 23. Kg2 Nf6 24. Nd2 Qb8 25. f3 Rg8 26. Rh1 Kh8 27. Rh2 Rg5 28. Rah1 Qg8 29. Nef1 a5 30. b3 Bc5 31. Bd3 Ra8 32. Bb5 Bb7 33. Nc4 Rd8 34. Nb2 Qg6 35. Rh4 Ng8 36. Nd3 Bd6 37. Nf2 f5 38. Nh3 Nf6 39. Nf2 Rg8 40. R1h3 Bc5 41. Bd3 Bxf2 42. Kxf2 fxe4 43. Bxe4 Bxe4 44. fxe4 Rf8 45. Kg1 Ng4 46. b4 Nf2 47. Qxf2 Rxf2 48. Kxf2 Qf7+ 49. Ke2 Kg7 50. Nd2 Qc7 51. bxa5 bxa5 52. c4 Qc6 53. Rxh5 Rxh5 54. Rxh5 Qxa4 55. Rxe5 Kf7 56. Rb5 Qa3 57. Rb3 Qa2 58. Rc3 Qb2 59. Kd3 a4 60. c5 a3 61. c6 a2 62. Nb3 Qxb3 63. Rxb3 a1Q 64. Rc3 Qd1+ 65. Kc4 Qa4+ 66. Kd3 Qb5+ 67. Rc4 Qb3+ 68. Rc3 Qb1+ 69. Rc2 Qd1+ 70. Kc3 Qd6 71. Kb2 Qc7 72. Rc3 Ke7 73. Kc2 Kd8 74. Kd2 Qe5 75. c7+ Kc8 0-1

[Event "Wch U14"]
[Site "Florianopolis"]
[Date "2024.11.05"]
[Round "7"]
[White "Bieging, Luca Jurgen"]
[Black "Costa, Janio Pedro Teixeir"]
[Result "1/2-1/2"]
[WhiteElo "1894"]
[BlackElo "1653"]
[PlyCount "65"]
[EventDate "2024.10.29"]
[EventType "swiss"]
[EventRounds "11"]
[EventCountry "BRA"]
[SourceTitle "CB45_2024"]
[Source "ChessBase"]
[SourceDate "2024.11.06"]
[SourceVersion "1"]
[SourceVersionDate "2024.11.06"]
[SourceQuality "1"]

1. d4 d5 2. Bf4 Nf6 3. Nc3 e6 4. e3 Bb4 5. f3 Nbd7 6. Bd3 a6 7. Nge2 c5 8. a3 Ba5 9. dxc5 Nxc5 10. b4 Nxd3+ 11. cxd3 Bb6 12. d4 0-0 13. g4 Bd7 14. h4 Bc7 15. Qd3 Bc6 16. Kf2 Re8 17. Be5 Nd7 18. f4 f6 19. Bxc7 Qxc7 20. g5 f5 21. a4 Nb6 22. Ng1 Nc4 23. Nf3 Re7 24. h5 Rc8 25. Rhc1 Qd8 26. Ne5 Nxe5 27. fxe5 Be8 28. h6 g6 29. a5 Rec7 30. Rc2 Qe7 31. Rb1 Bb5 32. Qd2 Rc4 33. Rbb2 1/2-1/2

[Event "Wch U14"]
[Site "Florianopolis"]
[Date "2024.11.01"]
[Round "4"]
[White "Bieging, Luca Jurgen"]
[Black "Duong, Vu Anh"]
[Result "0-1"]
[WhiteElo "1894"]
[BlackElo "2083"]
[PlyCount "96"]
[EventDate "2024.10.29"]
[EventType "swiss"]
[EventRounds "11"]
[EventCountry "BRA"]
[SourceTitle "CB45_2024"]
[Source "ChessBase"]
[SourceDate "2024.11.06"]
[SourceVersion "1"]
[SourceVersionDate "2024.11.06"]
[SourceQuality "1"]

1. d4 d5 2. Nc3 c5 3. e3 Nf6 4. b3 Nc6 5. Bb2 cxd4 6. exd4 Bf5 7. a3 e6 8. Nf3 a6 9. Bd3 Bg4 10. Ne2 Bxf3 11. gxf3 g6 12. Qd2 Rc8 13. 0-0-0 h5 14. f4 Bd6 15. Rde1 Ne7 16. Ng1 Qc7 17. Nh3 Nf5 18. Bxf5 gxf5 19. f3 Qe7 20. Rhg1 Rg8 21. Rxg8+ Nxg8 22. Rg1 Kd7 23. Rg7 Qh4 24. Rg3 Ne7 25. Qg2 Ng6 26. Kb1 Nxf4 27. Nxf4 Bxf4 28. Rg7 Ke7 29. a4 Kf6 30. Rg8 Rxg8 31. Qxg8 Qxh2 32. Qh8+ Kg5 33. Qd8+ f6 34. Qg8+ Kh4 35. Qxe6 Qh1+ 36. Ka2 Qxf3 37. Qxf6+ Kg3 38. Qg6+ Kf2 39. c4 h4 40. cxd5 Qxd5 41. Qh5 Bg3 42. Qd1 f4 43. Qd2+ Kg1 44. Qd1+ Kh2 45. Qe2+ Qg2 46. Qd3 f3 47. d5 f2 48. d6 f1Q 0-1

[Event "Wch U14"]
[Site "Florianopolis"]
[Date "2024.10.30"]
[Round "2"]
[White "Bieging, Luca Jurgen"]
[Black "Talwalkar, Vedant"]
[Result "0-1"]
[WhiteElo "1894"]
[BlackElo "2120"]
[PlyCount "64"]
[EventDate "2024.10.29"]
[EventType "swiss"]
[EventRounds "11"]
[EventCountry "BRA"]
[SourceTitle "CB45_2024"]
[Source "ChessBase"]
[SourceDate "2024.11.06"]
[SourceVersion "1"]
[SourceVersionDate "2024.11.06"]
[SourceQuality "1"]

1. c4 e6 2. Nf3 Nf6 3. b3 d5 4. Bb2 Be7 5. g3 0-0 6. Bg2 c5 7. cxd5 Nxd5 8. 0-0 Nc6 9. Nc3 Bf6 10. Rb1 b6 11. Nxd5 exd5 12. Bxf6 Qxf6 13. d4 Bf5 14. Rb2 Be4 15. Rd2 c4 16. bxc4 dxc4 17. Qc1 b5 18. a4 a6 19. Rfd1 Rac8 20. Ne1 Bxg2 21. Nxg2 Na5 22. Rb2 Nb3 23. Qc3 Rfd8 24. e3 Nc5 25. Re2 Nxa4 26. Qc2 Qe7 27. e4 Qb4 28. d5 Qb3 29. Red2 Qxc2 30. Rxc2 Nc5 31. f3 Nd3 32. Ne3 Nb4 0-1

[Event "Pan American-ch U2000"]
[Site "Balneario Camboriu"]
[Date "2024.09.25"]
[Round "3"]
[White "Bieging, Luca Jurgen"]
[Black "Quincozes, David Aleksander G"]
[Result "0-1"]
[WhiteElo "1904"]
[BlackElo "1823"]
[PlyCount "88"]
[EventDate "2024.09.24"]
[EventType "swiss"]
[EventRounds "9"]
[EventCountry "BRA"]
[SourceTitle "EXT 2025"]
[Source "ChessBase"]
[SourceDate "2024.10.14"]
[SourceVersion "1"]
[SourceVersionDate "2024.10.14"]
[SourceQuality "1"]

1. e4 c5 2. Nf3 d6 3. d4 cxd4 4. Nxd4 Nf6 5. Nc3 a6 6. Bg5 Nbd7 7. f4 Qa5 8. Qd2 h6 9. Bh4 e6 10. f5 e5 11. Nb3 Qc7 12. 0-0-0 b5 13. a3 Bb7 14. Bd3 Be7 15. Bf2 Ng4 16. Kb1 Nxf2 17. Qxf2 Nf6 18. h3 0-0 19. g4 d5 20. Nxd5 Nxd5 21. exd5 Bxd5 22. f6 Bxf6 23. Qf5 e4 24. Bxe4 Bxe4 25. Qxe4 Rfe8 26. Qf5 Rad8 27. Rhe1 Rxe1 28. Rxe1 Qg3 29. Rf1 Qxh3 30. Nc5 Rd5 31. Qxd5 Qxf1+ 32. Ka2 Qc1 33. c3 Qf4 34. Nxa6 Qxg4 35. Qxb5 h5 36. c4 h4 37. c5 Qe6+ 38. Kb1 h3 39. c6 Qe4+ 40. Ka2 Be5 41. c7 Bxc7 42. Nxc7 h2 43. Qb8+ Kh7 44. Ne6 Qxe6+ 0-1

[Event "Pan American-ch U2000"]
[Site "Balneario Camboriu"]
[Date "2024.09.25"]
[Round "2"]
[White "Tapia, Mauricio"]
[Black "Bieging, Luca Jurgen"]
[Result "1-0"]
[WhiteElo "1955"]
[BlackElo "1904"]
[PlyCount "81"]
[EventDate "2024.09.24"]
[EventType "swiss"]
[EventRounds "9"]
[EventCountry "BRA"]
[SourceTitle "EXT 2025"]
[Source "ChessBase"]
[SourceDate "2024.10.14"]
[SourceVersion "1"]
[SourceVersionDate "2024.10.14"]
[SourceQuality "1"]

1. d4 Nf6 2. c4 g6 3. Nc3 Bg7 4. e4 d6 5. Be2 0-0 6. Nf3 e5 7. 0-0 Nc6 8. d5 Ne7 9. b4 a5 10. bxa5 Rxa5 11. a4 Nd7 12. Nd2 f5 13. Nb3 Ra8 14. f3 f4 15. a5 g5 16. Ba3 h5 17. c5 dxc5 18. Nxc5 Nxc5 19. Bxc5 Rf6 20. Qb3 Kh8 21. Qb4 Ng8 22. Rfd1 Bf8 23. Nb5 Bd6 24. Rdc1 b6 25. axb6 Bxc5+ 26. Qxc5 Rxa1 27. Rxa1 cxb6 28. Qc3 Bd7 29. Qxe5 Bxb5 30. Bxb5 Qc8 31. Bc6 Qf8 32. Qd4 g4 33. e5 Rg6 34. e6+ Kh7 35. Ra7+ Kh6 36. Qh8+ Kg5 37. Qe5+ Kh6 38. e7 Nxe7 39. Rxe7 gxf3 40. d6 Rxg2+ 41. Kf1 1-0

[Event "Florianopolis Winter op 8th"]
[Site "Florianopolis"]
[Date "2024.07.10"]
[Round "3"]
[White "Caetano, Ryan Wesley da Cost"]
[Black "Bieging, Luca Jurgen"]
[Result "1-0"]
[WhiteElo "2174"]
[BlackElo "1780"]
[PlyCount "45"]
[EventDate "2024.07.09"]
[EventType "swiss"]
[EventRounds "9"]
[EventCountry "BRA"]
[SourceTitle "CBM 221 Extra"]
[Source "ChessBase"]
[SourceDate "2024.09.30"]
[SourceVersion "1"]
[SourceVersionDate "2024.09.30"]
[SourceQuality "1"]

1. d4 Nf6 2. c4 g6 3. Nc3 Bg7 4. e4 d6 5. Nf3 0-0 6. h3 e5 7. d5 a5 8. Bg5 Na6 9. Be2 Nc5 10. Nd2 Qe8 11. g4 c6 12. h4 Nfd7 13. Be3 h6 14. Nf1 f5 15. gxf5 gxf5 16. exf5 Nb6 17. Rg1 Kh8 18. Qd2 Kh7 19. Ng3 Bxf5 20. Nxf5 Rxf5 21. 0-0-0 e4 22. Qc2 cxd5 23. Nxd5 1-0

[Event "Florianopolis op 10th"]
[Site "Florianopolis"]
[Date "2024.01.24"]
[Round "6"]
[White "Conor, Gilberto Bordignon"]
[Black "Bieging, Luca Jurgen"]
[Result "0-1"]
[WhiteElo "1704"]
[BlackElo "1436"]
[PlyCount "94"]
[EventDate "2024.01.20"]
[EventType "swiss"]
[EventRounds "10"]
[EventCountry "BRA"]
[SourceTitle "CBM 218 Extra"]
[Source "ChessBase"]
[SourceDate "2024.03.31"]
[SourceVersion "1"]
[SourceVersionDate "2024.03.31"]
[SourceQuality "1"]

1. e4 d5 2. d4 dxe4 3. Nc3 Nf6 4. f3 exf3 5. Nxf3 Bg4 6. Bc4 e6 7. Bg5 Be7 8. Qd3 c5 9. Bb5+ Nbd7 10. Ne5 Bf5 11. Qg3 0-0 12. 0-0-0 Nh5 13. Bxe7 Qxe7 14. Qf3 Nxe5 15. dxe5 Qg5+ 16. Rd2 Rfd8 17. Qf2 Rd4 18. h3 Rad8 19. Rhd1 Ng3 20. h4 Qxh4 21. Bd3 Bxd3 22. cxd3 Nf5 23. Qf3 Qf4 24. Nb5 Qxf3 25. gxf3 R4d7 26. Nxa7 Ra8 27. Nb5 Rxa2 28. Na3 Ra1+ 29. Nb1 Nd4 30. Rf2 Ra8 31. Na3 b5 32. Kd2 Rc8 33. Ke3 c4 34. Rfd2 Nf5+ 35. Ke2 cxd3+ 36. Rxd3 Rxd3 37. Rxd3 b4 38. Nc4 Kf8 39. b3 Ke7 40. f4 h5 41. Kf3 Rd8 42. Nb2 Rxd3+ 43. Nxd3 Nd4+ 44. Kg3 Nxb3 45. Nxb4 Nd4 46. Kh4 g6 47. Nd3 f6 0-1

[Event "Florianopolis op-B 04"]
[Site "Florianopolis"]
[Date "2023.04.29"]
[Round "3"]
[White "Abdalla, Umar Mohammad"]
[Black "Bieging, Luca Jurgen"]
[Result "0-1"]
[WhiteElo "1366"]
[BlackElo "1274"]
[PlyCount "73"]
[EventDate "2023.04.28"]
[EventType "swiss"]
[EventRounds "6"]
[EventCountry "BRA"]
[SourceTitle "CBM 214 Extra"]
[Source "ChessBase"]
[SourceDate "2023.07.31"]
[SourceVersion "1"]
[SourceVersionDate "2023.07.31"]
[SourceQuality "1"]

1. d4 Nf6 2. c4 e6 3. Nc3 d5 4. Nf3 Bb4 5. e3 0-0 6. Bd3 c5 7. 0-0 Nc6 8. cxd5 exd5 9. dxc5 Bxc5 10. b3 Bg4 11. Be2 d4 12. Na4 Bb4 13. Nxd4 Nxd4 14. Bxg4 Nxg4 15. exd4 f5 16. Bb2 Rf6 17. h3 Rh6 18. Qf3 Qc7 19. Qg3 Bd6 20. Qc3 Bh2+ 21. Kh1 Qd8 22. Nc5 b6 23. Nd3 Rc8 24. Qe1 Rcc6 25. Rc1 Rcg6 26. f3 Qa8 27. Ne5 Bxe5 28. dxe5 f4 29. Bd4 Rh5 30. Qc3 Ne3 31. Bxe3 fxe3 32. Qxe3 h6 33. Qc3 Kh7 34. Rfe1 Qd5 35. Rcd1 Qe6 36. f4 Qg4 37. Qf3 0-1

[Event "Florianopolis op 9th"]
[Site "Florianopolis"]
[Date "2023.01.28"]
[Round "8"]
[White "Bieging, Luca Jurgen"]
[Black "Carvalho, Eduardo Meireles"]
[Result "0-1"]
[WhiteElo "1290"]
[BlackElo "1812"]
[PlyCount "62"]
[EventDate "2023.01.23"]
[EventType "swiss"]
[EventRounds "10"]
[EventCountry "BRA"]
[SourceTitle "CBM 212 Extra"]
[Source "ChessBase"]
[SourceDate "2023.03.31"]
[SourceVersion "1"]
[SourceVersionDate "2023.03.31"]
[SourceQuality "1"]

1. e4 c6 2. d4 d5 3. e5 Bf5 4. h4 h6 5. Bd3 Bxd3 6. Qxd3 e6 7. Nf3 Nd7 8. 0-0 c5 9. c3 c4 10. Qc2 Ne7 11. b3 Nf5 12. g3 g5 13. hxg5 hxg5 14. Bxg5 Be7 15. Bxe7 Qxe7 16. Nbd2 f6 17. bxc4 Qh7 18. Nh4 fxe5 19. cxd5 Nxh4 20. Qxh7 Rxh7 21. gxh4 0-0-0 22. f3 exd5 23. dxe5 Nxe5 24. f4 Nd3 25. Rf3 Rg8+ 26. Kf1 Rxh4 27. Ke2 Nxf4+ 28. Ke3 Re8+ 29. Kd4 Ng6+ 30. Kc5 b6+ 31. Kb5 Kb7 0-1

[Event "Florianopolis op 9th"]
[Site "Florianopolis"]
[Date "2023.01.27"]
[Round "7"]
[White "Souza Jr, Helemberg Cubica De"]
[Black "Bieging, Luca Jurgen"]
[Result "1-0"]
[WhiteElo "1720"]
[BlackElo "1290"]
[PlyCount "103"]
[EventDate "2023.01.23"]
[EventType "swiss"]
[EventRounds "10"]
[EventCountry "BRA"]
[SourceTitle "CBM 212 Extra"]
[Source "ChessBase"]
[SourceDate "2023.03.31"]
[SourceVersion "1"]
[SourceVersionDate "2023.03.31"]
[SourceQuality "1"]

1. e4 e5 2. Nf3 Nc6 3. Bb5 a6 4. Ba4 Nf6 5. 0-0 b5 6. Bb3 Bc5 7. d3 h6 8. c3 d6 9. h3 0-0 10. Be3 Bxe3 11. fxe3 Bb7 12. Nbd2 Qd7 13. Bc2 Rfe8 14. d4 a5 15. a4 b4 16. Qe1 Qe7 17. Rd1 b3 18. Bb1 Ba6 19. Rf2 Na7 20. Nxb3 exd4 21. exd4 Nxe4 22. Bxe4 Qxe4 23. Qxe4 Rxe4 24. Nxa5 Be2 25. Rd2 Bxf3 26. Rxf3 d5 27. Nb7 Re1+ 28. Kf2 Ra1 29. Nc5 Nc6 30. Rf5 Rd8 31. b4 Ra3 32. Rc2 f6 33. Ne6 Rd7 34. a5 Kf7 35. Nc5 Rd8 36. Rf3 Ke7 37. Re2+ Kf7 38. Rfe3 Rd6 39. Nb7 Rd7 40. Nc5 Rd6 41. Ke1 Kg6 42. Kd2 Ra1 43. Kc2 Rf1 44. a6 Kf7 45. b5 Na7 46. Re7+ Kg6 47. Rxc7 Nxb5 48. Rb7 Na3+ 49. Kb3 Rb1+ 50. Kxa3 Rxa6+ 51. Nxa6 Rxb7 52. Nb4 1-0

[Event "Florianopolis op 9th"]
[Site "Florianopolis"]
[Date "2023.01.23"]
[Round "1"]
[White "Bieging, Luca Jurgen"]
[Black "Reichert, Thiago da Cruz"]
[Result "0-1"]
[WhiteElo "1290"]
[BlackElo "1930"]
[PlyCount "72"]
[EventDate "2023.01.23"]
[EventType "swiss"]
[EventRounds "10"]
[EventCountry "BRA"]
[SourceTitle "CBM 212 Extra"]
[Source "ChessBase"]
[SourceDate "2023.03.31"]
[SourceVersion "1"]
[SourceVersionDate "2023.03.31"]
[SourceQuality "1"]

1. c4 Nf6 2. g3 e5 3. Bg2 c6 4. e4 Bc5 5. Ne2 0-0 6. 0-0 d6 7. Nbc3 a6 8. d4 Ba7 9. Be3 Bg4 10. dxe5 dxe5 11. Qxd8 Rxd8 12. Bxa7 Rxa7 13. Rfd1 Rc8 14. h3 Be6 15. c5 Nbd7 16. b4 a5 17. a3 Rca8 18. Rab1 Kf8 19. Kf1 Ke7 20. Ke1 axb4 21. axb4 Ra3 22. Kd2 Bc4 23. Rb2 Ne8 24. Rdb1 Nc7 25. f4 Ne6 26. f5 Nd4 27. g4 Nxe2 28. Nxe2 Rd3+ 29. Ke1 Raa3 30. Kf2 h6 31. h4 Nf6 32. g5 Ng4+ 33. Kg1 Re3 34. Nc1 Re1+ 35. Bf1 Rxf1+ 36. Kg2 Re1 0-1

[Event "Florianopolis Spring op 2nd"]
[Site "Florianopolis"]
[Date "2022.10.21"]
[Round "1"]
[White "Desideri, Ricardo Maruchi"]
[Black "Bieging, Luca Jurgen"]
[Result "1-0"]
[WhiteElo "1939"]
[BlackElo "1359"]
[PlyCount "73"]
[EventDate "2022.10.21"]
[EventType "swiss"]
[EventRounds "6"]
[EventCountry "BRA"]
[SourceTitle "EXT 2024"]
[Source "ChessBase"]
[SourceDate "2023.10.10"]
[SourceVersion "1"]
[SourceVersionDate "2023.10.10"]
[SourceQuality "1"]

1. e4 c6 2. d4 d5 3. e5 c5 4. dxc5 Nc6 5. f4 e6 6. c3 Bxc5 7. Nf3 Qb6 8. Qe2 Nge7 9. b4 Nxb4 10. cxb4 Bxb4+ 11. Bd2 Bxd2+ 12. Nbxd2 0-0 13. Qb5 Qe3+ 14. Be2 Rd8 15. Qd3 Qxf4 16. 0-0 Bd7 17. g3 Qb4 18. Ng5 Nf5 19. g4 h6 20. Nxf7 Kxf7 21. gxf5 exf5 22. Bh5+ Ke7 23. Rab1 Qc5+ 24. Kh1 b6 25. Rfc1 Qa5 26. e6 Bxe6 27. Nb3 Qb4 28. Nd4 Qd6 29. Re1 Kf8 30. Rxe6 Qf4 31. Rf1 Qc7 32. Qxf5+ Kg8 33. Bf7+ Kh8 34. Rxh6+ gxh6 35. Qf6+ Kh7 36. Qg6+ Kh8 37. Qxh6# 1-0